| 000 | 02040cam a2200349 a 4500 | ||
|---|---|---|---|
| 999 |
_c128722 _d128722 |
||
| 001 | 15130525 | ||
| 003 | ARRUPE | ||
| 005 | 20181205103534.0 | ||
| 008 | 080107s2008 nyu b 000 0 eng | ||
| 010 | _a 2008000332 | ||
| 020 | _a9781933346106 | ||
| 020 | _a1933346108 | ||
| 035 | _a(OCoLC)ocn182735248 | ||
| 037 |
_a1282785 _bQBI |
||
| 040 |
_aDLC _cDLC _dQBX _dBTCTA _dBAKER _dEPL _dYDXCP _dB2A _dJED _dVP@ _dXXH _dSMP _dCQU _dDLC |
||
| 050 | 0 | 0 |
_aHQ1061 _b.C455 2008 |
| 082 | 0 | 0 |
_a200/.84/6 _222 |
| 100 | 1 |
_aChittister, Joan. _943807 |
|
| 245 | 1 | 4 |
_aThe gift of years : _bgrowing older gracefully / _cJoan Chittister. |
| 260 |
_aNew York, NY : _bBlueBridge, _cc2008. |
||
| 300 |
_axvi, 222 p. ; _c23 cm. |
||
| 504 | _aIncludes bibliographical references. | ||
| 505 | 0 | _aIntroduction. The purpose of life -- Regret -- Meaning -- Fear -- Ageism -- Joy -- Authority -- Transformation -- Newness -- Accomplishment -- Possibility -- Adjustment -- Fulfillment -- Mystery -- Relationships -- Tale-telling -- Letting go -- Learning -- Religion -- Freedom -- Success -- Time -- Wisdom -- Sadness -- Dreams -- Limitations -- Solitude -- Productivity -- Memories -- Future -- Agelessness -- Immediacy -- Nostalgia -- Spirituality -- Loneliness -- Forgiveness -- Outreach -- The present -- Appreciation -- Faith -- Legacy -- Afterword. The twilight time. | |
| 650 | 0 |
_aOlder people _xPsychology. _943808 |
|
| 650 | 0 |
_aOlder people _xConduct of life. _943809 |
|
| 650 | 0 |
_aAging _xReligious aspects _xChristianity. _943810 |
|
| 650 | 0 |
_aAging _xSocial aspects. _96222 |
|
| 650 | 0 |
_aAging _xPsychological aspects. _943811 |
|
| 856 | 4 | 2 |
_3Contributor biographical information _uhttp://www.loc.gov/catdir/enhancements/fy1002/2008000332-b.html |
| 856 | 4 | 2 |
_3Publisher description _uhttp://www.loc.gov/catdir/enhancements/fy1002/2008000332-d.html |
| 906 |
_a7 _bcbc _corignew _d1 _eecip _f20 _gy-gencatlg |
||
| 942 |
_2lcc _cMONOGRAPH |
||